[Event "Arco op 43rd"]
[Site "Arco"]
[Date "2021.10.10"]
[Round "2"]
[White "Nanni, Sergio"]
[Black "Wegelin, Reinhard"]
[Result "1-0"]
[WhiteElo "1576"]
[BlackElo "1800"]
[PlyCount "63"]
[EventDate "2021.10.09"]
[EventType "swiss"]
[EventRounds "9"]
[EventCountry "ITA"]
[SourceTitle "CBM 204 Extra"]
[Source "ChessBase"]
[SourceDate "2021.11.30"]
[SourceVersion "1"]
[SourceVersionDate "2021.11.30"]
[SourceQuality "1"]

1. e4 d5 2. d4 dxe4 3. Nc3 Nf6 4. f3 e6 5. fxe4 Bb4 6. Qd3 Nc6 7. Nf3 Qe7 8. e5 Nd5 9. Be2 Ba5 10. 0-0 h6 11. Ne4 Bd7 12. a3 f5 13. exf6 Nxf6 14. Nxf6+ Qxf6 15. Ne5 Nxe5 16. dxe5 Qxe5 17. Qg6+ Kd8 18. Bd3 Bb6+ 19. Kh1 Be8 20. Qg4 g5 21. Bd2 Qd6 22. Bc3 Rf8 23. Rxf8 Qxf8 24. Qxe6 Bd7 25. Qc4 c6 26. Rf1 Qe8 27. Re1 Qf8 28. Be5 Bc7 29. Qd4 Bxe5 30. Qxe5 Kc8 31. Rf1 Qg8 32. Qd6 1-0

[Event "Arco op 41st"]
[Site "Arco"]
[Date "2019.10.09"]
[Round "6"]
[White "Collin, Moritz Valentin"]
[Black "Nanni, Sergio"]
[Result "1-0"]
[WhiteElo "1818"]
[BlackElo "1623"]
[PlyCount "63"]
[EventDate "2019.10.04"]
[EventType "swiss"]
[EventRounds "9"]
[EventCountry "ITA"]
[SourceTitle "EXT 2020"]
[Source "ChessBase"]
[SourceDate "2019.10.17"]
[SourceVersion "1"]
[SourceVersionDate "2019.10.17"]
[SourceQuality "1"]

1. d4 d5 2. c4 e6 3. Nc3 Nf6 4. cxd5 exd5 5. Bg5 Be7 6. e3 h6 7. Bh4 Nbd7 8. Bd3 c5 9. dxc5 Nxc5 10. Bb5+ Bd7 11. Bxd7+ Ncxd7 12. Nf3 0-0 13. 0-0 Nb6 14. Qb3 Qd7 15. Rad1 g5 16. Bg3 Rad8 17. Rd3 Qf5 18. Rfd1 Rfe8 19. Bc7 Rc8 20. Bxb6 axb6 21. Nxd5 Bc5 22. Nxf6+ Qxf6 23. Nd4 g4 24. g3 Re5 25. Qa4 Rh5 26. Qd7 Rd8 27. Qxg4+ Rg5 28. Qe4 Rh5 29. Nf3 Rf5 30. Qg4+ Kh7 31. e4 Rg5 32. Nxg5+ 1-0

[Event "Arco op-A 39th"]
[Site "Arco"]
[Date "2017.10.13"]
[Round "7"]
[White "Nanni, Sergio"]
[Black "Morselli, Stefano"]
[Result "1-0"]
[WhiteElo "1726"]
[BlackElo "1849"]
[PlyCount "81"]
[EventDate "2017.10.07"]
[EventType "swiss"]
[EventRounds "9"]
[EventCountry "ITA"]
[SourceTitle "CBM 181 Extra"]
[Source "ChessBase"]
[SourceDate "2017.12.12"]
[SourceVersion "1"]
[SourceVersionDate "2017.12.12"]
[SourceQuality "1"]

1. e4 d6 2. d4 Nf6 3. Nc3 g6 4. Be2 Bg7 5. g4 Nc6 6. d5 Nb8 7. g5 Nfd7 8. h4 h6 9. gxh6 Bxh6 10. Bxh6 Rxh6 11. Qd2 Rh8 12. h5 Nf6 13. h6 c6 14. 0-0-0 cxd5 15. exd5 Qa5 16. Nf3 Na6 17. Ng5 Bf5 18. Bd3 Bxd3 19. Qxd3 Nb4 20. Qc4 Kd7 21. a3 Na6 22. Nxf7 Rac8 23. Qb5+ Qxb5 24. Nxb5 Rc5 25. Nc3 Nh7 26. Ne4 Rf8 27. Nxc5+ Nxc5 28. Rdg1 Rxf7 29. Rxg6 Ne4 30. Rg2 Ke8 31. Rhg1 Nef6 32. Rg3 Nxd5 33. Rb3 e6 34. Rg8+ Nf8 35. Rbg3 Nf6 36. R8g7 Nh5 37. Rxf7 Kxf7 38. Rc3 Nf6 39. Rc7+ Kg6 40. Rxb7 Ng4 41. Rg7+ 1-0

[Event "Arco op-A 39th"]
[Site "Arco"]
[Date "2017.10.08"]
[Round "2"]
[White "Bodrogi, Bendeguz"]
[Black "Nanni, Sergio"]
[Result "1-0"]
[WhiteElo "1440"]
[BlackElo "1726"]
[PlyCount "77"]
[EventDate "2017.10.07"]
[EventType "swiss"]
[EventRounds "9"]
[EventCountry "ITA"]
[SourceTitle "CBM 181 Extra"]
[Source "ChessBase"]
[SourceDate "2017.12.12"]
[SourceVersion "1"]
[SourceVersionDate "2017.12.12"]
[SourceQuality "1"]

1. e4 e5 2. Nf3 Nf6 3. Nxe5 d5 4. exd5 Qxd5 5. Nf3 Be7 6. Nc3 Qa5 7. Be2 Be6 8. d3 Nc6 9. Bd2 Rd8 10. 0-0 0-0 11. Re1 Qb6 12. Bf1 Bc5 13. Be3 Bxe3 14. fxe3 Bg4 15. Qd2 Qc5 16. Kh1 Rfe8 17. e4 Bxf3 18. gxf3 Nd4 19. Be2 Qc6 20. Rg1 g6 21. Rg3 Nh5 22. Rg5 f5 23. Rag1 Nf6 24. h4 fxe4 25. fxe4 Nxe4 26. Nxe4 Rxe4 27. dxe4 Qxe4+ 28. R5g2 Re8 29. Bg4 c5 30. h5 Nf3 31. Bxf3 Qxf3 32. hxg6 hxg6 33. Qg5 Re6 34. Qg3 Qc6 35. Rf1 c4 36. Qf4 Qe8 37. Rgf2 Qc6+ 38. Rf3 Re4 39. Qf8+ 1-0

[Event "Verona op-B"]
[Site "Verona"]
[Date "2017.01.05"]
[Round "6.10"]
[White "Gneo, Marco"]
[Black "Nanni, Sergio"]
[Result "0-1"]
[WhiteElo "1755"]
[BlackElo "1678"]
[PlyCount "86"]
[EventDate "2017.01.02"]
[EventType "swiss"]
[EventRounds "7"]
[EventCountry "ITA"]
[SourceTitle "EXT 2018"]
[Source "ChessBase"]
[SourceDate "2017.10.13"]
[SourceVersion "1"]
[SourceVersionDate "2017.10.13"]
[SourceQuality "1"]

1. Nf3 Nf6 2. d4 e6 3. g3 c5 4. Bg2 cxd4 5. Nxd4 e5 6. Nb5 d5 7. Bxd5 Bb4+ 8. c3 Ba5 9. Nd6+ Qxd6 10. Bxf7+ Ke7 11. Qxd6+ Kxd6 12. 0-0 Ke7 13. Bb3 Bh3 14. Re1 Bb6 15. Nd2 Nc6 16. Nc4 Bc7 17. Be3 b6 18. Ba4 Nd8 19. Red1 Nf7 20. f3 Be6 21. Na3 a6 22. Bc6 Rab8 23. Nc2 b5 24. b3 Nd8 25. Bc5+ Kf7 26. Nb4 a5 27. Nd5 Rc8 28. Nxc7 Rxc7 29. Bb6 Rxc6 30. Bxd8 a4 31. bxa4 bxa4 32. Rab1 Bxa2 33. Rb7+ Kg6 34. g4 h6 35. h4 Nd5 36. Rd7 Nxc3 37. R1d6+ Rxd6 38. Rxd6+ Kf7 39. e4 Ne2+ 40. Kf2 Nf4 41. Rd2 Be6 42. Bc7 a3 43. Bxe5 a2 0-1

[Event "Verona op-B"]
[Site "Verona"]
[Date "2017.01.03"]
[Round "3.11"]
[White "Zanotto, Enrico"]
[Black "Nanni, Sergio"]
[Result "1-0"]
[WhiteElo "1844"]
[BlackElo "1678"]
[PlyCount "63"]
[EventDate "2017.01.02"]
[EventType "swiss"]
[EventRounds "7"]
[EventCountry "ITA"]
[SourceTitle "EXT 2018"]
[Source "ChessBase"]
[SourceDate "2017.10.13"]
[SourceVersion "1"]
[SourceVersionDate "2017.10.13"]
[SourceQuality "1"]

1. e4 e5 2. Nf3 Nf6 3. Nc3 Nc6 4. Bc4 Be7 5. 0-0 0-0 6. d3 h6 7. h3 d6 8. Ne2 d5 9. exd5 Nxd5 10. Ng3 Nf6 11. Bd2 Qd6 12. Re1 Be6 13. Bc3 Bxc4 14. dxc4 Qc5 15. Nxe5 Bd6 16. Nxc6 Bxg3 17. Qf3 Bxf2+ 18. Qxf2 Qxc6 19. Bxf6 gxf6 20. Qf4 f5 21. b3 Rae8 22. Qxf5 Re6 23. Rxe6 fxe6 24. Qg6+ Kh8 25. Qxh6+ Kg8 26. Re1 Re8 27. Re5 Kf7 28. Qh7+ Kf6 29. Re2 a6 30. Qh4+ Kg6 31. Rf2 Qc5 32. Qf6+ 1-0

[Event "Arco op 38th"]
[Site "Arco"]
[Date "2016.10.09"]
[Round "2"]
[White "Nanni, Sergio"]
[Black "Antoniacci, Ricardo"]
[Result "1-0"]
[WhiteElo "1726"]
[BlackElo "1852"]
[PlyCount "41"]
[EventDate "2016.10.08"]
[EventType "swiss"]
[EventRounds "9"]
[EventCountry "ITA"]
[SourceTitle "EXT 2017"]
[Source "ChessBase"]
[SourceDate "2016.10.25"]
[SourceVersion "1"]
[SourceVersionDate "2016.10.25"]
[SourceQuality "1"]

1. e4 e5 2. Nc3 Nc6 3. Bc4 Nf6 4. d3 Bc5 5. Bg5 h6 6. Be3 Bxe3 7. fxe3 d6 8. Nf3 Bg4 9. 0-0 Na5 10. Bxf7+ Kxf7 11. Nxe5+ dxe5 12. Qxg4 Qd6 13. Nd5 Rag8 14. Qh5+ Kf8 15. Qg6 Qc5 16. b4 Qxc2 17. bxa5 c6 18. Nxf6 gxf6 19. Rxf6+ Ke7 20. Rf7+ Kd8 21. Qd6+ 1-0

[Event "Omegna op-B 2nd"]
[Site "Omegna"]
[Date "2014.08.09"]
[Round "2"]
[White "Benenati, Gianfranco"]
[Black "Nanni, Sergio"]
[Result "0-1"]
[WhiteElo "1832"]
[BlackElo "1706"]
[PlyCount "80"]
[EventDate "2014.08.08"]
[EventType "swiss"]
[EventRounds "5"]
[EventCountry "ITA"]
[SourceTitle "EXT 2015"]
[Source "ChessBase"]
[SourceDate "2014.11.20"]
[SourceVersion "1"]
[SourceVersionDate "2014.11.20"]
[SourceQuality "1"]

1. e4 e5 2. Nf3 Nf6 3. d4 Nxe4 4. Bd3 d5 5. Nxe5 Be7 6. 0-0 0-0 7. Nd2 Nf6 8. Nb3 Nbd7 9. Nf3 c5 10. dxc5 Nxc5 11. Nxc5 Bxc5 12. h3 Qb6 13. c3 Ne4 14. Nd4 Be6 15. Bc2 Rac8 16. Rb1 Qd8 17. Be3 Qf6 18. Qd3 g6 19. Bh6 Rfe8 20. Ba4 g5 21. Bxg5 Qxg5 22. f4 Qg3 23. Rf3 Qg6 24. Bxe8 Rxe8 25. Kh2 Qh6 26. Nxe6 Rxe6 27. Qxd5 Bd6 28. g3 Kf8 29. Qd4 Bc5 30. Qh8+ Ke7 31. Rd1 Bd6 32. Re3 Nf2 33. Rxe6+ Qxe6 34. Rxd6 Qxd6 35. Qg7 Ne4 36. Kg2 Qd2+ 37. Kf3 Qd3+ 38. Kg2 Qe2+ 39. Kh1 Qf1+ 40. Kh2 Qf2+ 0-1

[Event "Cento op 1st"]
[Site "Cento"]
[Date "2011.02.09"]
[Round "5"]
[White "Nanni, Sergio"]
[Black "Modder, Frank"]
[Result "0-1"]
[WhiteElo "1693"]
[BlackElo "1926"]
[PlyCount "69"]
[EventDate "2011.02.05"]
[EventType "swiss"]
[EventRounds "9"]
[EventCountry "ITA"]
[SourceTitle "CBM 140 Extra"]
[Source "ChessBase"]
[SourceDate "2011.03.01"]
[SourceVersion "1"]
[SourceVersionDate "2011.03.01"]
[SourceQuality "1"]

1. e4 e6 2. d4 d5 3. Nc3 Nf6 4. Bg5 Bb4 5. e5 h6 6. Bd2 Bxc3 7. Bxc3 Ne4 8. Bb4 c5 9. dxc5 Nxf2 10. Kxf2 Qh4+ 11. g3 Qxb4 12. Nf3 Qxb2 13. Qd2 Nc6 14. Bd3 Nxe5 15. Nxe5 Qxe5 16. Qb4 0-0 17. Rae1 Qc7 18. Re2 Bd7 19. Rhe1 Rfc8 20. Qg4 Qxc5+ 21. Kf1 Bb5 22. Rf2 Bxd3+ 23. cxd3 Qe7 24. Re5 Rc1+ 25. Kg2 Rac8 26. Ree2 Qd7 27. Qd4 b6 28. h4 Qb5 29. Qf4 R8c7 30. d4 Qa4 31. Kh3 Qd1 32. Qd6 Qxd4 33. Qd8+ Kh7 34. Rd2 Qa4 35. Rxf7 0-1